[Event "Speed Chess Championship 2020"]
[Site "Online"]
[Date "2020.11.04"]
[Round "1.7"]
[White "Firouzja, Alireza"]
[Black "Fedoseev, Vladimir"]
[Result "1-0"]
[WhiteElo "2749"]
[BlackElo "2676"]
[Annotator "TA"]
[PlyCount "69"]
[EventDate "2020.10.31"]
[EventType "k.o."]
[SourceTitle "playchess.com"]
[Source "ChessBase"]
[SourceQuality "1"]

{[%evp 13,69,8,10,16,10,-12,22,7,24,0,0,0,31,0,13,9,12,2,19,0,0,-7,0,-7,-34,-22,30,1,204,209,614,590,970,970,1047,1047,1037,1032,1017,507,1045,1062,981,403,408,402,404,402,389,386,479,497,527,527,527,497,599,592]} 1. Nf3 Nf6 2. g3 g6 3. Bg2 Bg7 4. O-O O-O 5. d4 d5 6. c4 c6 7. Ne5 Be6 8. cxd5 {D78: Fianchetto Grünfeld: 6 0-0 c6.} Bxd5 9. Nf3 Ne4 {[#]} 10. Qc2 $146 {The position is equal.} ({Predecessor:} 10. Nc3 Nxc3 11. bxc3 c5 12. Qd3 cxd4 13. cxd4 Nc6 14. e4 Be6 15. Be3 Bg4 16. Rad1 {1-0 (29) Grigoryan,K (2571)-Swiercz,D (2654) chess.com INT 2018}) 10... Nd7 11. Re1 Rc8 {And now ...c5 would win.} 12. Nc3 Nxc3 13. bxc3 c5 {White must now prevent ...cxd4.} 14. e4 Bc4 15. d5 e6 16. Bg5 $36 {[%mdl 2048] White is more active.} Qa5 17. Nd2 Ba6 18. c4 Bxa1 19. Rxa1 exd5 (19... b5 $142) 20. exd5 f5 $2 {Black cannot hold the game after this.} (20... b5 $11) 21. d6 $18 {[%mdl 1024] Threatens to win with Bd5+. White has strong compensation.} Nf6 $2 (21... Nb6 22. Qd3 Rf7) 22. Qb2 {[%mdl 64] Double Attack} Qd8 23. Bd5+ $1 Kg7 24. Re1 $1 {[%cal Re1e7] White threatens Re7+ and mate.} Qxd6 25. Re6 {[%mdl 64] Double Attack} Qd8 {[#]} 26. g4 (26. Qe5 $142 $1 {[%mdl 512]} Rc7 27. Bxf6+ {[%mdl 64] Overworked Piece} Rxf6 28. Rxf6 Qxf6 29. Qxc7+ {[%mdl 64] Double Attack} Kf8 30. Qxc5+ Kg7 31. Qxa7) 26... h6 (26... Rc6 $142 27. Bxc6 Qd4 28. Re7+ Kh8 29. Qxd4 cxd4 30. Bxb7 Bxb7 31. Rxb7 Nxg4) 27. Bxf6+ Rxf6 {[#]} 28. h4 (28. Qe5 $142 $1 {[%mdl 512] Intending Re7+ and mate.} Qf8 29. Re7+ {[%mdl 64] Double Attack} Kh8 30. Nf3) 28... Rc6 29. Bxc6 Qd4 {[#]} 30. Qxd4 $1 cxd4 31. Bd5 Rxe6 32. Bxe6 {White is clearly winning.} Kf6 33. gxf5 gxf5 34. Bd5 b6 35. f4 {Av CentiPawn Loss W=-45/B=-71. Weighted=-77/-66} 1-0

[Event "Speed Chess Championship 2020"]
[Site "Online"]
[Date "2020.11.15"]
[Round "1.7"]
[White "Duda, Jan-Krzysztof"]
[Black "Caruana, Fabiano"]
[Result "1-0"]
[WhiteElo "2743"]
[BlackElo "2823"]
[Annotator "TA"]
[PlyCount "61"]
[EventDate "2020.10.31"]
[EventType "k.o."]
[EventCountry "NET"]
[SourceTitle "playchess.com"]
[Source "ChessBase"]
[SourceQuality "1"]

{[%evp 14,61,0,0,21,4,6,0,0,-34,22,-68,-77,-74,-24,-49,-58,-77,-20,-29,0,-3,0,0,49,26,125,120,148,105,122,50,57,16,56,68,62,62,92,98,280,280,662,649,600,605,3233,1363,2125,1214]} 1. e4 e6 2. d4 d5 3. Nc3 Nf6 4. e5 Nfd7 5. Nce2 c5 6. c3 Nc6 7. f4 {7.Nf3 is the modern continuation.} Be7 8. Nf3 a5 {C11: French: Classical System: 4 e5 and 4 Bg5 dxe4.} 9. a4 {[#]} O-O $146 ({Predecessor:} 9... b6 10. Ng3 O-O 11. Bb5 Ndb8 12. O-O Bd7 13. Bd3 cxd4 14. cxd4 Nb4 15. Bb1 b5 {1-0 (29) Sedina,E (2299)-Decker,N (2080) Arco 2020}) 10. h4 f6 {The position is equal.} 11. Rh3 Nb6 (11... Qe8 $15) 12. Ng3 ({White should play} 12. Kf2 $11) 12... cxd4 $15 13. cxd4 Nb4 14. Bd3 Nxd3+ 15. Qxd3 Bd7 (15... Qe8 $17 16. b3 Nd7) 16. b3 $11 Rc8 17. Bd2 Na8 18. h5 h6 19. Ne2 b6 (19... f5 $11 {keeps the balance.}) 20. g4 Nc7 21. Rc1 Ne8 22. Qg6 (22. Rxc8 $16 Qxc8 23. Nh4) 22... Rxc1+ $14 23. Bxc1 {Hoping for g5.} (23. Nxc1 $5 {[%cal Rg4g5]} Nc7 24. exf6 Rxf6 25. Qd3 $11) 23... Nc7 24. exf6 Rxf6 25. Qd3 $1 Rf8 26. Ne5 b5 $2 {[#] This costs Black the game.} (26... Be8 $16 {might work better.}) 27. g5 $1 $18 {[%mdl 512]} Bd6 $2 (27... Be8 28. gxh6 Rf5) (27... hxg5 28. h6) 28. gxh6 {White is clearly winning.} Bxe5 29. fxe5 bxa4 {[#]} 30. Qg6 $1 {[%csl Gh6][%cal Rg6g7][%mdl 512]} Ne8 31. hxg7 {Weighted Error Value: White=0.21/Black=0.54} 1-0

[Event "Speed Chess Championship 2020"]
[Site "Online"]
[Date "2020.11.12"]
[Round "1.7"]
[White "Nakamura, Hikaru"]
[Black "Martirosyan, Haik M."]
[Result "1-0"]
[WhiteElo "2736"]
[BlackElo "2622"]
[Annotator "TA"]
[PlyCount "103"]
[EventDate "2020.10.31"]
[EventType "k.o."]
[SourceTitle "playchess.com"]
[Source "ChessBase"]
[SourceQuality "1"]

{[%evp 12,103,20,13,33,36,25,6,3,-5,28,26,31,-6,31,15,29,6,18,18,21,7,33,19,27,21,29,-30,-15,-87,-81,-115,-11,-4,23,24,19,0,20,0,46,46,46,46,54,49,52,36,62,62,68,30,37,31,33,33,283,131,129,120,375,352,342,316,307,302,307,308,445,429,451,453,575,538,499,318,314,266,316,308,258,226,176,170,845,790,631,468,1760,1510,29978,29979,29974,29971]} 1. e4 e5 2. Nf3 Nc6 3. Bb5 Nf6 4. d3 Bc5 5. c3 O-O 6. Nbd2 d6 7. O-O Bd7 {7...Ne7 is setting a new trend. C65: Ruy Lopez: Berlin Defence (3...Nf6), unusual lines and 4 0-0 Bc5.} 8. b4 Bb6 9. Ba4 $5 {[%mdl 4] Leaves trodden paths.} Ne7 {[#] The position is equal.} 10. Bb3 $146 ({Predecessor:} 10. Re1 c6 11. h3 Ng6 12. Nf1 Nh5 13. d4 Nhf4 14. Ng3 f5 15. Bxf4 exf4 16. Nxf5 Bxf5 17. exf5 Rxf5 {1-0 (39) Hornung,W (1807)-Stephan,T (1220) Schney 2018}) 10... a6 11. Nc4 Ba7 12. Be3 Ng6 13. Bxa7 Rxa7 14. Ne3 Re8 15. Re1 h6 16. a4 Be6 17. a5 Ra8 18. Bc2 d5 19. c4 (19. exd5 $142 Nxd5 20. Nxd5 Bxd5 21. d4) 19... d4 $11 20. Nd5 (20. Nf5 $11 {keeps the balance.}) 20... Nd7 $17 21. c5 c6 (21... Bxd5 $17 22. exd5 Nf6) 22. Nb6 $11 Rb8 23. Bb3 Nxb6 24. axb6 Bg4 {[#] ...Qf6 is the strong threat.} 25. h3 Bxf3 26. Qxf3 Nf4 27. Kh2 Qh4 28. Bc4 g6 29. Rh1 Kg7 30. g3 Qh5 ({Don't go for} 30... Qxh3+ $2 31. Kg1 $18) 31. Qxh5 Nxh5 32. Bxa6 bxa6 33. Rxa6 Re7 $2 (33... Kf6 $1 $14) 34. Rha1 (34. b5 $1 $18 {is the precise move to win.}) 34... Nf6 $16 35. Ra7 $36 {[%mdl 2048] Keeping Black busy.} Reb7 $2 {[%mdl 8192]} (35... Kf8 $16) 36. Rxb7 $18 Rxb7 {[%mdl 4096] Endgame KRN-KR} 37. Ra7 Rb8 38. Rc7 Kf8 39. f4 ({Weaker is} 39. Rxc6 Nd7 $16) 39... Ne8 (39... Ke8 $142 40. b5 (40. Rxc6 Nd7 $16) 40... Nd7) 40. Rxc6 exf4 41. gxf4 Ke7 42. b5 Ra8 43. b7 Rb8 44. Rb6 Kd8 {Black wants to play ...Kc7.} 45. c6 Kc7 46. Ra6 Nd6 47. Ra5 g5 $2 (47... Nxb5 48. Rxb5 Kxc6) 48. fxg5 hxg5 49. e5 Nf5 (49... Nxb5 $142 50. Rxb5 Kxc6) 50. Ra8 Rxb7 51. cxb7 Kxb7 {[#]} 52. Rf8 $1 {Weighted Error Value: White=0.26/Black=0.51} 1-0

[Event "Speed Chess Championship 2020"]
[Site "Online"]
[Date "2020.11.16"]
[Round "1.7"]
[White "Artemiev, Vladislav"]
[Black "Giri, Anish"]
[Result "1/2-1/2"]
[WhiteElo "2708"]
[BlackElo "2764"]
[Annotator "TA"]
[PlyCount "53"]
[EventDate "2020.10.31"]
[EventType "k.o."]
[EventCountry "NET"]
[SourceTitle "playchess.com"]
[Source "ChessBase"]
[SourceQuality "1"]

{[%evp 11,53,4,14,0,0,0,0,0,0,0,8,0,6,0,10,9,0,13,27,0,12,8,12,0,0,0,1,2,26,23,33,26,22,16,15,12,12,12,18,9,12,6,25,25]} 1. e4 e5 2. Nc3 Nf6 3. Bc4 Nxe4 4. Qh5 Nd6 5. Qxe5+ Qe7 6. Qxe7+ Bxe7 7. Be2 {C27: Vienna Game: 2...Nf6 3 Bc4 Nxe4.} Nf5 8. Nf3 c6 9. g4 {The position is equal.} Nh4 10. Nxh4 Bxh4 11. Ne4 {[#] aiming for Nd6+.} Be7 12. d4 d5 13. Ng3 O-O 14. Bf4 {[#]} Be6 $146 ({Predecessor:} 14... b6 15. Nf5 Bxf5 16. gxf5 Nd7 17. Ba6 c5 18. O-O-O Nf6 19. Rhe1 Ne4 20. f3 {1-0 (20) McLaughlin,K (2387)-Burridge,R (2070) ICCF email 2017}) 15. O-O Nd7 16. Rfe1 Rfe8 17. h3 Nf8 18. Nf5 Bxf5 19. gxf5 Nd7 20. Bd3 Nf6 21. Kg2 Rad8 22. Kf3 Bd6 23. Bg5 Rxe1 24. Rxe1 Kf8 25. c3 Re8 26. Re3 h6 27. Bxf6 {Not much happened in this game.  Weighted Error Value: White=0.04/Black=0.04} 1/2-1/2

[Event "Speed Chess Championship 2020"]
[Site "Online"]
[Date "2020.11.15"]
[Round "1.8"]
[White "Caruana, Fabiano"]
[Black "Duda, Jan-Krzysztof"]
[Result "0-1"]
[WhiteElo "2823"]
[BlackElo "2743"]
[Annotator "TA"]
[PlyCount "90"]
[EventDate "2020.10.31"]
[EventType "k.o."]
[EventCountry "NET"]
[SourceTitle "playchess.com"]
[Source "ChessBase"]
[SourceQuality "1"]

{[%evp 9,90,23,39,0,12,2,17,11,6,3,21,18,66,65,62,74,61,-8,35,38,142,119,124,82,149,95,112,102,75,33,55,16,99,49,187,0,-3,-167,612,153,148,0,0,-112,318,-320,-283,-291,-245,-356,-356,-469,-453,-767,-771,-677,-648,-747,-630,-608,-601,-1314,-653,-623,-504,-503,-481,-673,-534,-695,-691,-686,-689,-707,-693,-844,-804,-816,-782,-818,-810,-2193,-2102]} 1. e4 c5 2. Nf3 d6 3. d4 cxd4 4. Nxd4 Nf6 5. Nc3 a6 6. h4 {B90: Sicilian Najdorf: Unusual White 6th moves, 6 Be3 Ng4 and 6 Be3 e5.} e5 7. Nb3 Be6 8. f4 {The position is equal.} exf4 9. Bxf4 Nc6 10. Qd3 {[#]} d5 $146 ({Predecessor:} 10... Ne5 11. Qe3 Be7 12. O-O-O Qc7 13. Nd4 O-O 14. Be2 Nfd7 15. Nf5 Bxf5 16. Nd5 Qd8 17. exf5 {1-0 (44) Tiglon,B (2368)-Vivekananthan,A (2162) Irving 2019}) 11. O-O-O $36 {[%cal Re4d5][%mdl 2048] Black is under pressure.} dxe4 12. Qe3 Qc8 13. Kb1 (13. Nxe4 $14 Nxe4 14. Qxe4) 13... Ng4 14. Qg3 {[%mdl 1024] White has compensation.} f5 (14... Be7 $14) 15. Be2 Nf6 16. h5 Kf7 (16... b5 $142) 17. Qf2 ({Better is} 17. Qe3 $1) 17... h6 $16 18. g4 $1 fxg4 19. Bg3 Kg8 20. Qe3 Bf7 (20... Qe8 $11) 21. Nxe4 Nxh5 {[#]} (21... Nb4 $14 22. Nxf6+ gxf6) 22. Bd6 $2 (22. Rxh5 $1 $18 {[%mdl 512] And now Rf1 would win.} Nb4 (22... Bxh5 23. Bc4+) 23. Re5) 22... Qe6 $1 $11 {White should prevent ...Re8.} 23. Rxh5 $2 (23. Rhf1 $11 {and White has nothing to worry.}) 23... Bxh5 $4 {[%mdl 8192]} (23... Re8 $19 24. Bxf8 Qxe4 25. Qxe4 Rxe4) 24. Nbc5 $2 (24. Ng5 $1 $18 hxg5 25. Qxe6+ Bf7 26. Qxg4 Bxd6 27. Rxd6) 24... Qe8 $16 {[#]} 25. Bxf8 ({White should play} 25. Ne6 $1 $16 {[%mdl 512]}) 25... Qxf8 $11 26. Rd7 (26. Bc4+ $11 {keeps the balance.} Bf7 27. Rf1 Bxc4 {[%mdl 64] Discovered Attack} 28. Rxf8+ Rxf8 29. b3) 26... Re8 $2 {[%mdl 8192]} (26... Bf7 $17 {stays on course. ...Ne5 is the strong threat.} 27. Bxg4 Ne5 {[%mdl 64] Double Attack} 28. Rxf7 Nxf7) 27. a3 $4 {[%mdl 8192]} (27. Qb3+ $18 {avoids the disaster.} Bf7 {[#]} 28. Rxf7 $1 {[%mdl 512]} Qxf7 29. Bc4 $1 {[%mdl 512]}) 27... Ne5 $19 {White is on the road to losing.} 28. Rxb7 Kh7 29. Qd4 (29. Nd3 $142 Rg8 30. Nf4) 29... Re7 30. Rb6 Bg6 {Black is clearly winning.} 31. Ne6 (31. Rxg6 $142 Nxg6 32. Bxg4) 31... Qf5 $1 {[%csl LRe4,LRe6][%mdl 64] Double Attack} 32. N6c5 Rf8 33. Ka2 {[#]} g3 $1 34. Nxg3 Qxc2 35. Qd1 Qxd1 (35... Qxc5 $142 36. Rd6 Rf2) 36. Bxd1 Rf6 37. Rxf6 gxf6 38. Nxa6 f5 39. Ne2 h5 40. Nf4 h4 41. Nc5 Bf7+ 42. b3 Ng6 43. Nh3 Bd5 44. Kb2 Re3 45. Ng5+ Kh6 {Weighted Error Value: White=1.07/Black=0.67} 0-1

[Event "Speed Chess Championship 2020"]
[Site "Online"]
[Date "2020.11.11"]
[Round "1.8"]
[White "Aronian, Levon"]
[Black "Nepomniachtchi, Ian"]
[Result "1/2-1/2"]
[WhiteElo "2781"]
[BlackElo "2784"]
[Annotator "TA"]
[PlyCount "110"]
[EventDate "2020.10.31"]
[EventType "k.o."]
[SourceTitle "playchess.com"]
[Source "ChessBase"]
[SourceQuality "1"]

{[%evp 19,110,11,15,13,0,0,8,-74,-79,-115,-129,-198,-194,-218,-160,-227,-226,-232,-133,-120,-125,-140,0,7,37,0,139,153,147,112,112,113,112,102,147,0,248,229,221,211,563,47,268,123,117,123,118,85,122,0,0,0,0,0,0,0,0,0,0,0,0,0,0,0,0,0,0,0,8,8,20,0,0,0,0,0,0,0,0,0,0,0,0,0,0,-8,-8,-8,-8,-8,-8,-8,-8]} 1. e4 e6 2. d4 d5 3. Nc3 Bb4 4. e5 Ne7 5. a3 Bxc3+ 6. bxc3 c5 7. Qg4 cxd4 8. Qxg7 Rg8 9. Qxh7 Qc7 10. Ne2 Nbc6 11. h4 {C18: French: 3 Nc3 Bb4: Main line: 7 h4 and 7 Qg4.} (11. Nxd4 $2 Nxd4 12. Qd3 Qxe5+ 13. Kd1 Ndf5 $19) 11... dxc3 {11...Bd7 is more advanced technology.} 12. Qd3 Qxe5 {[#]} 13. Bf4 $146 (13. Qxc3 $11 d4 14. Qd3) ({Predecessor:} 13. Rb1 d4 14. Rb5 Nd5 15. g3 a6 16. Rb1 b5 17. Bg2 Bb7 18. h5 O-O-O 19. h6 {½-½ (32) Sulskis,S (2514)-Williams,S (2473) Liverpool 2006}) 13... Qh8 $17 14. Nxc3 e5 15. Bg3 (15. Bc1 $17) 15... Bf5 16. Qd2 O-O-O 17. Rb1 (17. Na2 $17) 17... d4 $1 $19 {[%cal Rd4c3]} 18. Na4 Rd5 (18... e4 $19 19. Bc4 (19. Qf4 $2 Rxg3 20. fxg3 d3 $19) 19... e3 $1 {[%mdl 576] Promotion}) 19. Bc4 $17 Ra5 20. Nb2 Be4 ({Better is} 20... Qf6 $17 21. a4 Nd5 22. Bxd5 Rxd5) 21. Bxf7 $11 {Strongly threatening Nc4.} Bxg2 22. Nc4 (22. Rh2 {is more complex.} Bd5 23. Bxg8 Bxg8 24. Nd3 Qf6 25. Qg5) 22... Bxh1 (22... Rc5 $1 $11 {remains equal.} 23. Rg1 (23. Bxg8 Bxh1 24. Be6+ Kb8 $15) 23... Rf8) 23. Nxa5 $16 {Hoping for Be6+.} b6 24. Nxc6 Nxc6 25. Bxg8 Qxg8 26. Qe2 Kb7 27. Rb5 (27. Kd2 $1 $16 Bd5 28. Bxe5) 27... Qa2 $2 {[#]} (27... e4 $1 $11) 28. f3 $1 $18 {aiming for Kf2.} (28. Bxe5 Qa1+ 29. Qd1 Qxa3 $17) 28... d3 29. cxd3 ({Don't do} 29. Qxd3 $6 Nd4 $16) 29... Qa1+ $2 {[#]} ({Wrong is} 29... Qxe2+ $2 30. Kxe2 Ka6 31. Rd5 $18) (29... Qxa3 30. Bxe5 Qa4) 30. Qd1 $2 ({White has to play} 30. Kf2 $1 $18) 30... Qd4 $2 (30... Qxa3 $14 31. Bf2 (31. Bxe5 Nxe5 32. Rxe5 Qc3+ 33. Kf2 Qxe5 $11) 31... Qf8) 31. Bf2 (31. Kd2 $18 {has better winning chances.} Bg2 32. Qb3) 31... Qf4 $16 32. Qd2 {Qxf4 is the strong threat.} Qxf3 33. Qe3 {Threatens to win with Qxf3.} Qf8 34. Rxe5 (34. Qh3 $16 Qxa3 35. Rb1) 34... Nxe5 $11 {The position is equal.} 35. Qxe5 Qxa3 36. Ke2 Qa2+ 37. Ke3 Qb1 38. Bg3 Qc1+ 39. Ke2 Qc2+ 40. Ke3 Qc1+ 41. Ke2 Bg2 42. h5 Bf1+ 43. Kf2 {And now Qe4+ would win.} Bh3 (43... Qd1 {with more complications.} 44. Qe4+ Ka6 45. Qc4+ Ka5 46. Qa2+ Kb5) 44. Qd5+ Qc6 45. Qxc6+ (45. Qe4 {seems wilder.} Be6 46. h6 Bg8 47. h7 Qxe4 48. hxg8=Q Qxd3 49. Qf7+) 45... Kxc6 {[%mdl 4096] Endgame KB-KB} 46. Ke3 Bf5 47. Kd4 a5 48. Be1 $1 Bh7 49. h6 Kb5 50. Kc3 Kc5 51. Bf2+ (51. Bh4 {feels hotter.} Kc6 52. Kd4 b5 53. Bd8 a4 54. Be7) 51... Kc6 52. Bxb6 Kxb6 53. d4 Kc6 {[#]} 54. d5+ $1 {[%mdl 512]} Kxd5 55. Kb2 Ke6 {Black defended with fortune.  Weighted Error Value: White=0.35/Black=0.44} 1/2-1/2

[Event "Speed Chess Championship 2020"]
[Site "Online"]
[Date "2020.11.16"]
[Round "1.8"]
[White "Giri, Anish"]
[Black "Artemiev, Vladislav"]
[Result "0-1"]
[WhiteElo "2764"]
[BlackElo "2708"]
[Annotator "TA"]
[PlyCount "112"]
[EventDate "2020.10.31"]
[EventType "k.o."]
[EventCountry "NET"]
[SourceTitle "playchess.com"]
[Source "ChessBase"]
[SourceQuality "1"]

{[%evp 12,112,29,25,33,0,0,-2,-6,-32,-37,-37,-24,-36,0,-17,-20,-64,-73,-137,-129,-136,-138,-145,-138,-147,-140,-198,-186,-351,-277,-329,-328,-297,-159,-151,-120,-147,-141,-121,-156,-154,-143,-137,-141,-178,-68,-69,-68,-200,-151,-178,-173,-227,-219,-190,-188,-373,-367,-287,-25,-23,-32,-45,-49,-44,-37,-99,-99,-108,-102,-415,-383,-480,-453,-660,-426,-1159,-1093,-996,-996,-996,-873,-996,-480,-466,-243,-841,-716,-902,-898,-884,-840,-814,-807,-797,-793,-771,-745,-1160,-448,-29974,-29936]} 1. e4 e5 2. Nf3 Nc6 3. d4 exd4 4. Nxd4 Bc5 5. Nb3 Bb6 6. Nc3 d6 7. Qe2 a5 {C45: Scotch Game.} 8. a4 Nb4 9. Bf4 Qf6 {[#] The position is equal.} 10. Bg3 $146 ({Predecessor:} 10. Qd2 Ne7 11. O-O-O Ng6 12. Be3 Bxe3 13. Qxe3 O-O 14. g3 Bg4 15. Be2 Bxe2 16. Qxe2 {½-½ (41) Sethuraman,S (2657)-Melkumyan,H (2662) Yerevan 2018}) 10... Ne7 11. O-O-O O-O 12. Kb1 Be6 (12... d5 $5) 13. h4 Nec6 14. h5 {[#]} Nxc2 $1 {[%mdl 512]} 15. Bh4 (15. Kxc2 $2 Nb4+ 16. Kb1 Bxb3 $19) (15. Nd5 $142 Bxd5 16. exd5) 15... Qh6 $17 16. Qxc2 Nb4 17. Qd2 Bxb3 18. Qxh6 gxh6 19. Rh3 (19. Rd2 $17) 19... f5 $1 $19 (19... Bxd1 20. Rg3+ Bg4 21. Rxg4+ Kh8 22. Bf6#) 20. Rd2 $2 (20. Re1 {was worth a try.}) 20... Rae8 21. Bb5 c6 (21... fxe4 22. Rg3+ Kf7 23. Bxe8+ Rxe8 24. Rg4 $15) 22. Rxd6 Bc7 ({Worse is} 22... cxb5 23. Rxb6 Rf7 24. axb5 $11) (22... fxe4 $19 {Strongly threatening ...Bc5.} 23. Be2 Bxf2) 23. Rd7 $17 Be5 ({Inferior is} 23... cxb5 24. Rxc7 fxe4 25. Rg3+ Kh8 26. Rgg7 $11) 24. Be2 fxe4 $1 25. Rxb7 Bc2+ 26. Ka1 Bd3 $1 27. Bd1 Kh8 $1 28. Rh1 Bd4 (28... Nd5 $19 29. Ka2 Nxc3+ 30. bxc3 c5) 29. f3 $15 e3 30. Ne2 (30. Be2 $1 $15) 30... Bg7 31. Be1 Rb8 32. Rxb8 (32. Rxg7 $142 Kxg7 33. Bc3+ Kf7 34. Bb3+ Ke7 35. Nc1) 32... Rxb8 $19 33. Bc3 Bxe2 34. Bxg7+ $2 (34. Bxe2 {was the only defense.} Bxc3 35. bxc3) 34... Kxg7 35. Bxe2 {[%mdl 4096] Endgame [#] KRB-KRN} Nc2+ $2 ({Black should try} 35... Rd8 $1 $19 36. Rd1 Rd5) 36. Kb1 $11 Nd4 37. Re1 Kf6 ({And not} 37... Nxe2 38. Rxe2 Re8 39. Kc2 $16) 38. Bd3 Re8 39. Bxh7 {[#]} ({White should play} 39. Be4 $15) 39... Kg5 $1 $17 {Black continues to play with concentration.} 40. Be4 e2 {[%mdl 1024] aiming for ...Kf4. Black has strong compensation.} 41. Kc1 $2 {[%mdl 8192]} (41. g3 $17) 41... Kf4 $19 {Hoping for ...Ke3.} 42. Kd2 Kg3 43. Kd3 (43. Rxe2 $142 Nxe2 44. Kxe2) 43... c5 44. Ke3 (44. Rxe2 $142 Nxe2 45. Kxe2) 44... Nc2+ 45. Kxe2 Nxe1 46. Kxe1 Kxg2 {KR-KB} 47. Ke2 Kg3 (47... Rb8 $142 48. Kd3 Rxb2 49. f4+ Kg3) 48. Kd3 Rb8 49. Kc3 $2 (49. Kc4) 49... Rb4 50. b3 Kh4 51. Bg6 Kg5 52. Be8 Kf6 53. Bg6 Ke5 54. Be4 Kd6 55. Bg6 {[#]} c4 $1 {[%mdl 512]} 56. Kd4 (56. Bc2 $19 cxb3 57. Bxb3) (56. bxc4 Rxa4) 56... cxb3+ {Weighted Error Value: White=0.82/Black=0.28} 0-1

[Event "Speed Chess Championship 2020"]
[Site "Online"]
[Date "2020.11.04"]
[Round "1.8"]
[White "Fedoseev, Vladimir"]
[Black "Firouzja, Alireza"]
[Result "1/2-1/2"]
[WhiteElo "2676"]
[BlackElo "2749"]
[Annotator "TA"]
[PlyCount "142"]
[EventDate "2020.10.31"]
[EventType "k.o."]
[SourceTitle "playchess.com"]
[Source "ChessBase"]
[SourceQuality "1"]

{[%evp 18,142,56,56,52,56,64,62,59,48,51,46,58,0,18,0,39,6,17,0,13,12,37,33,43,37,44,7,47,-27,-16,-22,-13,-91,-66,-166,-143,-157,-134,-193,-75,-94,-91,-144,-142,-249,-170,-230,-233,-257,-234,-360,-362,-379,-368,-543,-545,-542,-539,-539,-527,-467,-367,-1288,-350,-334,-322,-606,-514,-423,-492,-456,-387,-1322,-1319,-1299,-1260,-5102,-5102,-5583,-5122,-1700,-527,-491,-488,-392,-392,-366,-12,-12,0,0,0,0,0,0,0,-12,-12,-12,-12,-12,-12,-12,-12,-12,-12,-12,-12,-12,-12,-12,-12,-12,-12,-12,-12,-12,-12,-12,-12,-12,0,-12,0,0,0]} 1. d4 Nf6 2. c4 g6 3. Nc3 Bg7 4. e4 d6 5. Be2 O-O 6. Be3 e5 7. d5 Na6 8. Nf3 Ng4 9. Bg5 f6 10. Bh4 g5 {E92: King's Indian: Classical: 6 Be2 e5: 7 dxe5, 7 Be3 and Petrosian System without 7...Nbd7.} 11. Bg3 Nh6 12. Nd2 f5 {White is slightly better.} 13. exf5 Nxf5 14. Nde4 b6 {[#]} 15. Bd3 $146 (15. Bh5 $14) ({Predecessor:} 15. Bg4 Nc5 16. O-O Bd7 17. Rc1 a5 18. b3 Kh8 19. h3 Rg8 20. Qf3 Nd4 21. Qe3 {1-0 (47) Popov,V (2532)-Lazov,T (2335) Skopje 2018}) 15... Nc5 16. Bb1 h6 17. O-O a5 18. Re1 Qe7 19. f3 Bd7 20. Bf2 Qf7 21. Qc2 {And now Nxc5 would win.} Bh8 22. Nb5 Rac8 23. a3 (23. Qd2 $14) 23... Nd4 $11 24. Nxd4 exd4 25. Nxc5 (25. Qd1 $1 $11) 25... bxc5 $17 26. Re6 (26. Qd2 $15) 26... Bxe6 $19 27. dxe6 Qg7 28. Qa4 (28. a4 $17) 28... c6 (28... g4 $19 {and Black stays clearly on top.} 29. Kh1 Rb8) 29. Be4 $17 Qc7 30. Re1 (30. Be1 $142) 30... Be5 31. h4 (31. h3 $17) 31... Rf6 32. hxg5 (32. Rf1 $142) 32... hxg5 $19 33. Qc2 Re8 ({Much less strong is} 33... Rxe6 34. Bf5 $19) 34. e7 (34. Bf5 $142) 34... Rxe7 35. Qd3 Qd7 36. Qb3 (36. b4 $142) 36... Kg7 37. Qb6 d5 38. Bd3 g4 39. Qxc5 gxf3 40. cxd5 $2 (40. Rxe5 Rxe5 41. Bxd4 f2+ 42. Bxf2) 40... cxd5 $2 (40... fxg2 41. Bg3 Bd6 42. Rxe7+ Qxe7 43. Qc1 {[#]} Rf3 $1 {[%mdl 512]} 44. Bf2 Qe5 45. Kxg2 Rxd3 46. Kf1 Qxd5 47. b4 Qh1+ 48. Ke2 Qxc1 49. Kxd3 Qd1+ 50. Kc4 Qe2+ {[%mdl 64] Double Attack} 51. Kb3 Qxf2 52. a4 Bxb4 53. Kc4 Qd2 54. Kb3 d3 55. Kc4 Qc3#) 41. Rxe5 Rxe5 42. Qxd4 $2 (42. Bxd4 Qe7 43. Qxe7+ Rxe7 44. gxf3) 42... Qe6 43. Qh4 Kf7 44. Qh7+ Kf8 {Hoping for ...Re1+!} 45. Bc5+ $2 (45. Qh4) 45... Ke8 46. Bb5+ Kd8 47. Qh8+ Kc7 {( -> ...Re1+)} 48. Qg7+ Rf7 49. Qg3 f2+ 50. Bxf2 Kb7 51. Bd3 {[#]} d4 $1 52. Qh4 (52. Bxd4 Re1+) 52... Re3 $2 (52... Qd5 $19 {Threatens to win with ...Rg7!} 53. Qg4 Rfe7) 53. Qxd4 $11 {The position is equal.} Re1+ 54. Bxe1 Qxe1+ {[%mdl 4096] Endgame KQR-KQB} 55. Kh2 {Qd5+ is the strong threat.} Qe7 56. Be4+ Kc8 57. Qc4+ Qc7+ 58. Qxc7+ Kxc7 {KR-KB} 59. b4 axb4 60. axb4 Rf4 61. Bf3 Rxb4 62. Kg3 Kd6 63. Kh3 Ke5 64. Kg3 Kf5 65. Bd5 Ra4 66. Bf3 Ra3 67. Kf2 Kf4 68. Ke2 Ra2+ 69. Kd3 Ra3+ 70. Kd4 Rxf3 71. gxf3 Kxf3 {White happily takes the draw. Av CentiPawn Loss W=-15/B=-58. Weighted=-75/-63} 1/2-1/2